000 00280nam a22001097a 4500
008 230620b xxu||||| |||| 00| 0 eng d
082 _a323
_bDES 1993
245 _aHuman Rights and dIsabled Persons
260 _aNew York
_bUnited Nations
_c1993
300 _aIV,43p
942 _2ddc
_cBK
999 _c1759
_d1759